İkinci Yeni ve Türk Şiirinde Modernizm (Record no. 3616)

000 -LEADER
fixed length control field 00522nam a22001817a 4500
008 - FIXED-LENGTH DATA ELEMENTS--GENERAL INFORMATION
fixed length control field 190703b ||||| |||| 00| | eng d
020 ## - INTERNATIONAL STANDARD BOOK NUMBER
International Standard Book Number 9789944446501
041 ## - LANGUAGE CODE
Language code of text/sound track or separate title Türkçe
050 ## - LIBRARY OF CONGRESS CALL NUMBER
Classification number PL219
100 ## - MAIN ENTRY--PERSONAL NAME
9 (RLIN) 1589
Personal name Altıyaprak, Yakup
245 ## - TITLE STATEMENT
Title İkinci Yeni ve Türk Şiirinde Modernizm
250 ## - EDITION STATEMENT
Edition statement 1.Baskı
260 ## - PUBLICATION, DISTRIBUTION, ETC.
Place of publication, distribution, etc. Ankara:
Name of publisher, distributor, etc. Ebabil Yayınları,
Date of publication, distribution, etc. Mayıs 2008
300 ## - PHYSICAL DESCRIPTION
Extent 126 Sayfa
500 ## - GENERAL NOTE
General note Ebabil Yayınları ; 115
Eleştiri ; 7
650 #0 - SUBJECT ADDED ENTRY--TOPICAL TERM
9 (RLIN) 145
Topical term or geographic name entry element Türk Edebiyatı
942 ## - ADDED ENTRY ELEMENTS (KOHA)
Source of classification or shelving scheme
Koha item type Books
Holdings
Withdrawn status Lost status Source of classification or shelving scheme Damaged status Not for loan Permanent Location Current Location Shelving location Date acquired Full call number Barcode Date last seen Price effective from Koha item type
        Ödünç verilemez İmren Ahmet Tüzün Kütüphanesi İmren Ahmet Tüzün Kütüphanesi Ahmet Tüzün 2019-07-03 PL219 100100003742 2019-07-03 2019-07-03 Books

This software was implemented, installed and managed by Devinim Software Training Consulting .